Derecho y grupos desaventajados
Պահպանված է:
| Հիմնական հեղինակ: | |
|---|---|
| Ձևաչափ: | Գիրք |
| Լեզու: | իսպաներեն |
| Հրապարակվել է: |
Barcelona
Gedisa
1999
|
| Շարք: | Biblioteca Yale de Estudios Jurídicos
|
| Խորագրեր: | |
| Ցուցիչներ: |
Ավելացրեք ցուցիչ
Չկան պիտակներ, Եղեք առաջինը, ով նշում է այս գրառումը!
|
MARC
| LEADER | 00000nam a2200000 a 4500 | ||
|---|---|---|---|
| 001 | UCO0627 | ||
| 003 | CL-VaPUC | ||
| 008 | 000420e19990000SP |||||||||||||||||spa|d | ||
| 082 | 0 | 4 | |a 305 |b GAR |2 21 |
| 100 | |a Gargarella, Roberto |e author |9 575518 | ||
| 245 | 1 | 0 | |a Derecho y grupos desaventajados |
| 300 | |a 220 p | ||
| 942 | |c BK | ||
| 945 | |d 20000420 00:00:00 |a vberengu | ||
| 260 | |a Barcelona |b Gedisa |c 1999 | ||
| 650 | 0 | |a Igualdad |9 258477 | |
| 650 | 7 | |a MENORES |2 CL-VaPUC |9 441980 | |
| 650 | 7 | |a MENORES PROTECCION |2 CL-VaPUC |9 432892 | |
| 650 | 0 | |a Violencia conyugal |9 259238 | |
| 583 | |a last modification |c 20000420 00:00:00 |k Rodrigo Vera | ||
| 490 | 0 | |a Biblioteca Yale de Estudios Jurídicos | |
| 999 | |c 287276 |d 287274 | ||
| 952 | |0 0 |1 0 |4 0 |6 305_000000000000000_GAR_1999 |7 0 |8 DER_TF |9 334004 |a BIBDER |b BIBDER |d 2019-11-20 |i 361297K |l 1 |m 1 |o 305 GAR 1999 |p 361297K |r 2023-01-25 |s 2022-04-08 |w 2019-11-20 |x Ubicación 4to Piso |y BK |z Estos recursos deben solicitarse con anticipación |k DER | ||